Tilastot visalle Suviseurapaikkakunnat

Klikkaa tästä pelataksesi tätä visaa!

Yleistilastot

  • Tätä visaa on pelattu 43 kertaa
  • Keskiarvotulos 71 / 113

Vastaustilastot

Nykyinen maakuntaVuosiPaikkakunta% Oikein
Pohjois-Pohjanmaa1993Haukipudas
94%
Pohjois-Pohjanmaa1906Oulu
94%
Pohjois-Pohjanmaa1940Oulu
94%
Pohjois-Pohjanmaa1933Oulu
94%
Pohjois-Pohjanmaa1934Oulu
94%
Pohjois-Pohjanmaa1924Oulu
94%
Pohjois-Pohjanmaa1966Oulu
94%
Pohjois-Pohjanmaa1907Oulu
94%
Pohjois-Pohjanmaa1916Oulu
94%
Pohjois-Pohjanmaa1928Oulu
94%
Pohjois-Pohjanmaa1956Oulu
94%
Pohjois-Pohjanmaa1935Oulu
94%
Pohjois-Pohjanmaa1942Oulu
94%
Pohjois-Pohjanmaa1982Oulunsalo
94%
Uusimaa1959Helsinki
86%
Uusimaa1910Helsinki
86%
Lappi1936Rovaniemi
86%
Lappi1951Rovaniemi
86%
Lappi1979Rovaniemi
86%
Lappi1997Rovaniemi
86%
Lappi1931Rovaniemi
86%
Lappi1965Rovaniemi
86%
Lappi1912Rovaniemi
86%
Lappi1925Rovaniemi
86%
Lappi1929Tornio
86%
Lappi1952Tornio
86%
Lappi1994Tornio
86%
Lappi2016Tornio
86%
Lappi1909Tornio - Haaparanta
86%
Pohjanmaa2015Vaasa
86%
Pohjanmaa1920Vaasa
86%
Pohjois-Pohjanmaa2013Pudasjärvi
80%
Pohjois-Pohjanmaa1998Pudasjärvi
80%
Pohjois-Pohjanmaa1972Pudasjärvi
80%
Pirkanmaa1954Tampere
77%
Varsinais-Suomi1975Turku
77%
Pohjois-Pohjanmaa1917Ii
74%
Keski-Suomi1937Jyväskylä
74%
Keski-Suomi1927Jyväskylä
74%
Keski-Suomi1958Jyväskylä
74%
Keski-Suomi1918Jyväskylä
74%
Etelä-Pohjanmaa2023Kauhava
74%
Lappi1919Kemi
74%
Lappi1939Kemi
74%
Lappi1955Kemi
74%
Pohjois-Pohjanmaa1985Kuusamo
74%
Pohjois-Pohjanmaa1961Kuusamo
74%
Satakunta1946Pori
71%
Satakunta2017Pori
71%
Pohjois-Savo2002Maaninka
69%
Keski-Pohjanmaa1911Kokkola
66%
Pohjois-Savo1948Kuopio
66%
Pohjois-Savo1957Kuopio
66%
Pohjois-Pohjanmaa2019Muhos
63%
Pohjois-Pohjanmaa2003Muhos
63%
Pohjois-Pohjanmaa1962Raahe
60%
Pohjois-Pohjanmaa1963Ylivieska
60%
Pohjois-Pohjanmaa1908Ylivieska
60%
Pohjois-Pohjanmaa1950Ylivieska
60%
Pohjois-Pohjanmaa1921Ylivieska
60%
Pohjois-Pohjanmaa1977Haapajärvi
57%
Pohjois-Pohjanmaa1949Haapajärvi
57%
Pohjois-Pohjanmaa1926Haapajärvi
57%
Pohjois-Pohjanmaa1943Haapajärvi
57%
Pohjois-Karjala1947Joensuu
57%
Pohjois-Karjala1964Joensuu
57%
Kainuu1983Kajaani
57%
Kainuu1913Kajaani
57%
Kainuu1978Kajaani
57%
Kainuu1938Kajaani
57%
Kainuu1923Kajaani
57%
Kainuu1930Kajaani
57%
Kainuu1960Kajaani
57%
Pohjois-Pohjanmaa1973Ranua
57%
Lappi1989Ranua
57%
Kanta-Häme2022Loppi
54%
Kanta-Häme2012Loppi
54%
Pohjois-Pohjanmaa1945Nivala
54%
Pohjois-Pohjanmaa1969Nivala
54%
Pohjois-Pohjanmaa2004Nivala
54%
Pohjois-Pohjanmaa2014Pyhäjoki
54%
Pohjois-Pohjanmaa1971Ruukki
54%
Pohjois-Pohjanmaa2001Ruukki
54%
Keski-Suomi2018Äänekoski
51%
Pohjois-Pohjanmaa1990Haapavesi
51%
Pohjois-Savo1953Iisalmi
51%
Pohjois-Savo1932Iisalmi
51%
Pohjois-Savo1992Iisalmi
51%
Pohjois-Pohjanmaa1914Oulainen
51%
Pohjois-Savo2006Sotkamo
49%
Pohjois-Pohjanmaa1968Reisjärvi
46%
Kymenlaakso2007Valkeala
46%
Keski-Suomi1967Jämsä
43%
Pohjois-Pohjanmaa2011Lumijoki
40%
Pohjois-Pohjanmaa2008Sievi
40%
Pohjois-Pohjanmaa1976Sievi
40%
Pohjois-Karjala2010Liperi
34%
Etelä-Pohjanmaa1970Alajärvi
31%
Etelä-Pohjanmaa1996Alajärvi
31%
Lappi1980Keminmaa
31%
Keski-Pohjanmaa2005Perho
31%
Keski-Pohjanmaa1981Perho
31%
Keski-Suomi1987Hankasalmi
26%
Keski-Pohjanmaa1995Toholampi
26%
Päijät-Häme1984Hollola
20%
Päijät-Häme1974Hollola
20%
Varsinais-Suomi2009Oripää
20%
Pohjois-Karjala1986Outokumpu
20%
-1922Viipuri
20%
Uusimaa1988Vihti
17%
Satakunta1991Jämijärvi
11%
Pohjanmaa1999Kruunupyy
11%
Keski-Suomi2000Petäjävesi
6%

Tulosjakauma

Persentiili vastausten määrän mukaan

Jokaisen tuloksen saaneiden osuus

Tuloshistoriasi

Et ole pelannut tätä visaa